| 000 | 00308nam a2200109Ia 4500 | ||
|---|---|---|---|
| 008 | 230907s9999||||xx |||||||||||||| ||und|| | ||
| 082 |
_a616.8914 _bTHE |
||
| 245 | 4 | _aThe therapeutic relationship handbook : | |
| 260 |
_aMcGraw-Hill, Open University Press, _bNew York : _c2014 |
||
| 300 | _a303 p. | ||
| 942 | _cBK | ||
| 999 |
_c601156 _d601156 |
||